000
00293nam a2200121Ia 4500
100
_a
Duthie/Andrew G
942
_c
BK
654
_a
ASP.net
245
_a
Microsoft ASP.NET programming with visual C#.NET Step by step
260
_b
Pearson Education
_c
2002
300
_a
926
546
_a
ENGLISH
999
_c
30133
_d
30133